| 000 | 00532nam a22001697a 4500 | ||
|---|---|---|---|
| 003 | NUST | ||
| 038 | _aNusrat Nadeem | ||
| 082 | _a200 | ||
| 100 |
_aAhmed, Majeed _997188 |
||
| 245 |
_aFMDAI: Facial Manipulation Detection Using Artificial Intelligence / _cMajeed Ahmed |
||
| 264 |
_aIslamabad : _bSEECS, NUST, _c2022. |
||
| 300 | _a34 p. ; | ||
| 650 |
_aMS-Electrical Engineering _923567 |
||
| 700 |
_aSupervisor: Dr. Wajahat Hussain _997174 |
||
| 856 | _uhttp://10.250.8.41:8080/xmlui/handle/123456789/29916 | ||
| 942 |
_2ddc _cSC |
||
| 999 |
_c590979 _d590979 |
||